000 00279nam a2200109Ia 4500
008 221009s9999 xx 000 0 und d
082 _a342
100 _aBasu, Durga Das
_93297
245 0 _aComparative Constitional Law
260 _bPrentice Hall Of India Pvt. Ltd.
942 _cBK
999 _c64785
_d64785